عرض عادي
عرض مارك
- القرآن
مدخل مصطلح موضوعي
001 - رقم الضبط
- حقل الضبط: 65037
003 - معرف رقم الضبط
- حقل الضبط: OSt
005 - تاريخ ووقت أخر عملية
- حقل الضبط: 20181216140405.0
008 - عناصر بيانات ثابتة الطول
- حقل تحكم ثابت الطول: 181216|| aca||aabn | a|a d
040 ## - مصدر الفهرسة
- هيئة الفهرسة الأصلية: OSt
- وكالة الكتابة: OSt
150 ## - مدخل-- مصطلح تاريخي
- عنصر مدخل المصطلح الموضوعي او الاسم الجغرافي: القرآن
- تفريع عام: أحكام
670 ## - بيانات المصدر موجوده
- الاستشهاد بالمصدر: Work cat.: (OSt): الهزاني، نوال بنت سليمان بن محمد 65033, جهود الشيخ محمد الخضر حسين رحمه الله في التفسير وعلوم القرآن /, 2018 ، 1439
